[Event "Capablanca Memorial Elite 46th"]
[Site "Havana"]
[Date "2011.05.11"]
[Round "1"]
[White "Andreikin, Dmitry"]
[Black "Bruzon Batista, Lazaro"]
[Result "1-0"]
[WhiteElo "2687"]
[BlackElo "2693"]
[Annotator "Ftacnik,L"]
[PlyCount "95"]
[EventDate "2011.05.11"]
[EventType "tourn"]
[EventRounds "10"]
[EventCountry "CUB"]
[EventCategory "19"]
[SourceTitle "CBM 143"]
[Source "ChessBase"]
[SourceDate "2011.07.15"]
[SourceVersion "1"]
[SourceVersionDate "2011.07.15"]
[SourceQuality "1"]

1. c4 e6 2. g3 d5 3. Bg2 Nf6 4. Nf3 Be7 5. O-O O-O 6. d4 dxc4 7. Qa4 a6 8. Qxc4
b5 9. Qc2 Bb7 10. Bd2 Be4 11. Qc1 Bb7 12. Bf4 Nd5 {It may seem very logical to
attack the bishop on f4 with the knight, but the recent score for Black
players is a bit depressing. It is quite possible that 12...Bd6 will be
proclaimed to be more promising in the fight for the equality.} (12... Bd6) 13.
Nc3 Nxf4 14. Qxf4 Nd7 {Black can try to oppose the queen with the same piece,
but experiences with 14...Qd6 show it achieving something less than true
parity.} (14... Qd6 15. Rfd1 (15. Ne5 Bxg2 16. Kxg2 c5 17. dxc5 Qxc5 18. Ne4
Qb6 19. Rfd1 Ra7 20. Rac1 f6 21. Nf3 $14 {Khalifman,A (2530)-Karpov,A (2725)/
Moscow 1988/URS-ch 1/2 (26)}) (15. Qe3 $5) 15... Nd7 16. d5 Qxf4 17. gxf4 exd5
18. Nxd5 Bxd5 19. Rxd5 Nb6 20. Rdd1 Bf6 21. Rac1 Bxb2 22. Rxc7 $14 {Romanishin,
O (2550)-Janjgava,L (2470)/Simferopol 1988/ 1-0 (39)}) (14... c5 15. dxc5 Bxc5
16. Rfd1 (16. Ng5 Qb6 17. Bxb7 Qxb7 18. Rfd1 Be7 19. Rd3 Nd7 20. Rad1 Bxg5 21.
Qxg5 Nf6 {Ubilava,E (2528)-Karpov,A (2668)/Calatrava, rapid 2007/ (1/2, 36)}) (
16. a4 bxa4 17. Nxa4 Bd6 18. Qe3 Qe7 19. Nb6 Bc5 20. Qb3 Ra7 21. Rfd1 Bc6 22.
Na4 Rb7 23. Qc2 Bb4 24. Rac1 a5 $11 {Grischuk,A (2728)-Karpov,A (2651)/Moscow
2008/ (1/2, 34)}) 16... Qe7 17. Rac1 Ra7 18. a4 $5 b4 19. Ne4 Bxe4 20. Qxe4 $14
{Lastin,A (2622)-Novikov,M (2426)/Tomsk 2004/ (1-0, 54)}) 15. Rac1 $146 {
Andreikin must have had a reason to play this unusual move. Instead of the
game novelty the previous games have featured the seemingly more logical move
15.Rfd1 that prevents the immediate 15...c5 and supports the d4-d5 advance.} (
15. Rfd1 Bd6 16. Qh4 (16. Qe3 Nb6 (16... Qe7 17. Ne5 (17. a4 bxa4 18. Nxa4 Rab8
19. Ne5 Bxg2 20. Kxg2 Bxe5 21. dxe5 Rb5 22. Nc3 Rb6 23. Rac1 Rfb8 24. Na4 R6b7
25. Qd4 $16 {1-0 Fressinet,L (2677)-Gustafsson,J (2646)/Oberhof 2011 (46)})
17... Bxg2 18. Nxd7 Qxd7 19. Kxg2 f5 20. f4 b4 21. Nb1 c5 22. dxc5 Qc6+ 23. Qf3
Qxf3+ 24. Kxf3 Bxc5 25. Nd2 $11 {1/2-1/2 Leko,P (2752)-Karpov,A (2619)/Moscow
2009 (60)}) 17. Qd3 (17. Ne5 Bxg2 18. Kxg2 f5 19. Rac1 (19. f4 b4 20. Nb1 {
Mikhalevski,V (2590)-Bakre,T (2426)/Sydney 2007/ 1-0 (32)} Nd5 21. Qb3 Bxe5 22.
fxe5 (22. dxe5 Ne3+ $1 $19) 22... f4 $40) 19... Qf6 20. f4 b4 21. Nb1 g5 22.
Nd2 gxf4 23. gxf4 Nd5 24. Qf2 Kh8 25. Kh1 Qh6 26. e3 $11 {1/2-1/2 Ivanisevic,I
(2649)-Iljin,A (2556)/Plovdiv 2008 (52)}) 17... c5 18. dxc5 Bxc5 19. Qxd8 Rfxd8
20. Ne5 Bxg2 21. Kxg2 f5 $5 (21... Rac8 22. Rxd8+ Rxd8 23. Ne4 Bf8 (23... Be7
$6 24. Nc6 Rd7 25. Nxe7+ Rxe7 26. Rc1 $16) (23... Rd5 24. Nd3 Bf8 25. Rc1 $14)
24. Rc1 Rc8 25. Rxc8 Nxc8 26. Nc6 $14) 22. e3 Rac8 23. Rxd8+ Rxd8 24. Rc1 {
1/2-1/2 Ponomariov,R (2739)-Leko,P (2752)/Moscow 2009 (31)}) (16. Ne5 Bxg2 17.
Kxg2 f5 $5 (17... Bxe5 18. dxe5 Qe7 19. a4 b4 20. Ne4 Rfd8 21. Rac1 $14) (17...
f6 18. Nc6 $14) 18. Nc6 Qe8 (18... Bxf4 19. Nxd8 Rfxd8 20. gxf4 Rac8 21. Rac1
c5 (21... Nf6 $5) 22. dxc5 Rxc5 (22... Nxc5 23. Rxd8+ Rxd8 24. Nxb5 $1 $16) 23.
Rd4 Kf7 24. Rcd1 Ke7 25. Rd6 $36) 19. Qf3 g5 20. Na5 $6 (20. Kg1 Nf6 21. b4 h5
22. a4 g4 23. Qg2 $14) 20... Nf6 21. a3 h5 {0-1 Maslak,K (2544)-Riazantsev,A 
(2656)/Moscow 2008 (47)}) 16... Nf6 $6 (16... Qxh4 $1 17. Nxh4 Bxg2 18. Nxg2
Nf6 19. Rac1 Rac8 $11) 17. a3 Qb8 18. g4 Rd8 19. Rac1 Be7 20. g5 Nd7 21. d5 Nf8
22. Ne5 $16 {1-0 Aronian,L (2744)-Ivanchuk,V (2750)/Monte Carlo 2007 (67)}) (
15. Ne4 c5 16. dxc5 Nxc5 17. Rfd1 Qb6 18. Ne5 Bxe4 19. Bxe4 Rac8 20. Bf3 a5 21.
Rac1 Rc7 22. Kg2 $14 {1/2-1/2 So,W (2668)-Onischuk,A (2688)/Lubbock 2010 (43)})
15... Bd6 (15... c5 16. dxc5 Nxc5 17. Rfd1 $14) 16. Qh4 {White is borrowing
Aronian's idea, but the retreat 16.Qe3!? also makes a lot of sense.} (16. Qe3
$5) 16... Qxh4 (16... Be7 17. Qh3 c6 18. Rfd1 f5 $11) 17. Nxh4 Bxg2 {Bruzon
Batista can not believe, that his defence after exchange of queens could be
marred by any difficulties. The modest 17...c6 made sense for the bringing of
all of Black's reserves to the centre.} (17... c6 18. Ne4 Be7 19. f4 Rfd8 $11)
18. Kxg2 Nf6 (18... g5 $5 19. Nf3 g4 20. Ne1 f5 21. Nd3 Rfc8 22. Rfd1 c5 $11)
19. Nf3 Rfc8 20. Nd2 {White needs to play creatively in order to get a chance
for any advantage.} (20. Rfd1 c5 21. dxc5 Bxc5 22. Ne5 Bb4 $11) 20... e5 (20...
c5 $2 21. Nce4 $16) 21. d5 b4 {Black has a wide choice of options, but some of
them are more difficult to handle. It seems that the retreat of the bishop
would not promise full equality.} (21... Be7 22. Nde4 (22. e4 c6 23. dxc6 Rxc6
24. Nd5 Rxc1 25. Nxe7+ (25. Nxf6+ Bxf6 26. Rxc1 Bg5 $11) 25... Kf8 26. Rxc1
Kxe7 27. Rc7+ Kd6 $1 28. Rxf7 Rc8 29. Kf3 Rc2 30. Ke3 Rxb2 31. Rxg7 Rxa2 $11)
22... Nxe4 23. Nxe4 f5 24. Nd2 $14) 22. Nce4 Nxd5 23. Nxd6 cxd6 24. Ne4 f6 $6 {
This schematic solution in the critical moment is solid, but not the best
choice. Black finally had a chance to get rid of all the problems with the
more active knight retreat 24...Ne7!?} (24... Ne7 $5 25. Nxd6 Rxc1 26. Rxc1 Rd8
27. Ne4 (27. Nc4 f6 28. e4 Kf7 $11) 27... f5 28. Ng5 h6 29. Nf3 e4 $11) 25.
Nxd6 Rd8 (25... Rc7 26. e4 Rd8 27. Nf5 Rxc1 28. Rxc1 g6 29. exd5 gxf5 30. Rc5
$14) 26. Nb7 Rdc8 (26... Rd7 27. Nc5 Rc7 28. Rfd1 Ne7 29. Nd3 $14) 27. Kf3 Nb6
28. Nd6 Rd8 {[%mdl 256] Black correctly judges, that it would be easier for
White to prove his superiority without a pair of rooks.} (28... Rxc1 29. Rxc1
Na4 30. Rc7 Nxb2 31. Nf5 $14) 29. Rc6 Na4 30. Rfc1 a5 (30... Nxb2 $2 31. Rb1
Na4 32. Rxb4 Nc5 33. Nf5 g6 34. Nh6+ Kg7 35. Rxc5 Kxh6 36. Rh4+ Kg5 37. Rxh7
$16) 31. R1c2 (31. Nc4 h5 32. Ke3 $14) 31... Rab8 32. Ke4 Rb6 (32... b3 33.
axb3 Rxb3 34. Nc4 Kf7 35. Kf5 g6+ 36. Kg4 $14) 33. Kd5 $6 {Andreikin has
worked hard for his chances, but he fails in the critical moment. The king
will be active, but it costs him the b2-pawn.} (33. Rxb6 Nxb6 34. Nb7 Rd4+ 35.
Kf3 a4 36. Rc6 $14) 33... b3 $1 34. axb3 Rxb3 35. Ke6 Rxb2 36. Rxb2 {White
continues to fight even without the pawn, as his active pieces fully
compensate for the missing material.} (36. Rc8 Rb8 37. R8c7 Rb6 38. Rd7 Rbb8
$11) 36... Nxb2 37. Ra6 a4 (37... Kf8 38. Ra7 a4 39. Rf7+ Kg8 40. Ra7 $11) 38.
f4 exf4 39. gxf4 h5 40. Ra7 (40. h4 Rb8 41. Ra7 Rb6 42. Kd5 Rb4 43. e4 $11)
40... Kh7 $6 {The magical 40th move has been one player's undoing in many
games. Black could have activated his rook with a draw.} (40... Rb8 41. e3 Rb6)
41. Nf5 Re8+ 42. Kf7 Rg8 (42... Rxe2 43. Nxg7 Nd3 44. Kxf6 Nxf4 45. Nxh5+ Kh6
46. Nxf4 Rxh2 47. Rxa4 $14) 43. Ne7 Rb8 44. Ra5 g6 $2 {The disappointed
defender is missing his golden chance, the position was still quite defendable.
} (44... f5 $1 45. Rxf5 (45. Nxf5 Rb7+ 46. Ne7 Rb6) 45... Rb6 46. Rxh5+ Rh6 47.
Rxh6+ Kxh6 48. Nd5 a3 49. Nb4 Nc4 50. Ke6 Ne3 $11) 45. Nxg6 Rb7+ 46. Ne7 Kh6
47. Kxf6 Nc4 (47... Nd1 48. Rxa4 Nc3 49. Ra8 Ne4+ 50. Kf7 $18) 48. Nf5+ (48.
Nf5+ Kh7 49. Rxa4 Nb6 50. Ra5 $18) 1-0

[Event "WchT 10th"]
[Site "Tsaghkadzor"]
[Date "2015.04.21"]
[Round "3.4"]
[White "Bu, Xiangzhi"]
[Black "Jakovenko, Dmitrij"]
[Result "1/2-1/2"]
[WhiteElo "2681"]
[BlackElo "2744"]
[Annotator "Ftacnik,L"]
[PlyCount "298"]
[EventDate "2015.04.19"]
[EventType "team-tourn"]
[EventRounds "9"]
[EventCountry "ARM"]
[SourceTitle "CBM 166"]
[Source "ChessBase"]
[SourceDate "2015.05.11"]
[SourceVersion "1"]
[SourceVersionDate "2015.05.11"]
[SourceQuality "1"]
[WhiteTeam "China"]
[BlackTeam "Russia"]
[WhiteTeamCountry "CHN"]
[BlackTeamCountry "RUS"]

1. Nf3 Nf6 2. c4 e6 3. g3 d5 4. Bg2 Be7 5. O-O O-O 6. d4 dxc4 7. Ne5 {The
return of the ambitious variation 7.Ne5 speaks volumes about the difficulties
of getting any advantage in the main line with 7.Qc2.} Nc6 8. Bxc6 bxc6 9. Nxc6
Qe8 10. Nxe7+ Qxe7 11. Qa4 e5 (11... c5 $5 {The closely related system with
the advance of the c-pawn is completely independent.}) 12. dxe5 Qxe5 13. Qxc4
Be6 14. Qc2 {Black is obviously ahead in mobilisation of his forces; White
needs to tread carefully in order to retain any chances for an advantage.} (14.
Qa6 Bh3 15. Re1 Qd5 16. f3 Ng4 17. Nc3 Qc5+ 18. e3 Ne5 19. Qe2 Rad8 20. Rd1 h6
21. Bd2 f5 22. Be1 Qc6 23. Rxd8 Rxd8 24. Kf2 f4 25. Bd2 Nxf3 26. Rd1 Nd4 $19 {
0-1 Spiridonov,N-Geller,E/Novi Sad 1978/ (26)}) (14. Qd3 $5 Rad8 (14... Nd5 $5
15. Nc3 Nxc3 16. bxc3 Rad8 $44) 15. Qe3 Qh5 16. f3 Nd5 (16... Rfe8 17. Qg5 Bc4
18. Qxh5 Nxh5 19. Re1 $1 Rxe2 20. Rxe2 Bxe2 21. Kf2 Bc4 22. Nc3 $14 {Pigusov,
E-Raecky,A/USSR 1988/ (22)}) 17. Qg5 $2 (17. Qc5 $1 $14) 17... Qh3 18. Bd2 h6
$6 (18... Rfe8 $1 $15) 19. Qh4 Qxh4 20. gxh4 Rfe8 21. Kf2 $8 Nb6 22. b3 Bc8 23.
Rg1 Ba6 24. e4 $14 {Teplicky-Ziatdinov,R/USSR 1988/ (31)}) 14... Bf5 {Black
players have stopped trusting the knight move; the activity of the bishop is
more irritating for White.} (14... Nd5 15. Re1 (15. e4 Bh3 16. Re1 Qf6 17. Qe2
$14) 15... Nb4 16. Qa4 Nd3 17. Rf1 Qxe2 18. Nc3 Qf3 $15 {1-0 Gruenenwald,
J-Wagman,S/Mendrisio 1988/ (74)}) 15. Qc4 Be6 16. Qc2 Bf5 17. Qd2 Rfe8 {
An important crossroads for Black, since the bishop move to h3 is an active
and quite promising continuation.} (17... Bh3 18. Re1 (18. Rd1 Rfe8 19. Nc3 Ne4
20. Qe3 Nxc3 21. bxc3 Qh5 $36) 18... Rad8 19. Qe3 (19. Qc3 Qd5 (19... Qf5 20.
Nd2 Rfe8 21. Qf3 Qa5 22. Qc3 Qa6 23. Nf3 Rxe2 $15 {1/2 (33) Georgiev,K (2654)
-Kiriakov,P (2564) Coventry 2005}) 20. f3 Rfe8 21. Na3 (21. Be3 Ng4 22. Bxa7
Qd1 23. Na3 Rxe2 24. Raxd1 Rg2+ 25. Kh1 Rxh2+ 26. Kg1 Rg2+ $11 {1/2 (31)
Sieciechowicz,M (2446)-Maksimenko,A (2540) Legnica 2010}) 21... Qb7 $5 (21...
Ne4 {1-0 Stanojoski,Z (2481)-Sigalas,F (2199)/Kavala 2006/ (40)} 22. Qc4 $14)
22. Qb3 (22. Nc4 $5 Nd5 23. Qb3 Qa6 $11) 22... Qa6 23. Qb5 Qe6 24. Qb3 Qa6 $11
{1/2 (24) Meier,G (2644)-Leko,P (2730) Dortmund 2012}) 19... Qd5 (19... Qh5 $5
20. Nc3 (20. f3) 20... Rfe8 (20... Ng4 $6 21. Qg5 $14) 21. Qf4 (21. Qg5 Qf3 $19
) 21... Nd5 22. Qh4 Qxh4 23. gxh4 Nxc3 24. bxc3 Rxe2 25. Bf4 $11) 20. f3 Ng4 $6
(20... Rfe8 $44) 21. Qc3 (21. Qxa7 $6 Rfe8 $44) 21... Rfe8 22. Na3 (22. e4 Qb7
23. Na3 (23. fxg4 Rxe4) 23... Ne5 $44) 22... Qb7 (22... Ne5 23. Bf4 $14) (22...
Rxe2 $2 23. Rxe2 Qxf3 24. Bh6 (24. Qe1 $18) (24. Qxf3 Rd1+ $19) 24... Qxc3 25.
bxc3 gxh6 (25... Nxh6 26. Rae1 Be6 27. Nb5 $18) 26. Nb5 {1-0 (34) Parker,J 
(2523)-Baburin,A (2593) Port Erin 1999}) 23. Bf4 Qb6+ 24. e3 Qb7 25. e4 Qb6+
26. Be3 Nxe3 27. Rxe3 Be6 $11 {0-1 (40) Benidze,D (2442)-Jojua,D (2520)
Tbilisi 2009}) (17... Rad8 $6 18. Qf4 $1 (18. Qe3 Qa5 19. Nc3 Rfe8 $44) 18...
Qe6 19. Nc3 $14) 18. Re1 Bg4 {Most likely the defender has enough compensation
for the sacrificed pawn. Proving it without doubt is of course a different
story.} (18... Rab8 19. Nc3 Rb4 20. Qe3 Qa5 21. Qf3 Bc8 22. Qg2 Bb7 23. f3 Ng4
$44 {1/2 (42) Meier,G (2641)-Bruzon Batista,L (2617) Havana 2009}) (18... Ne4
19. Qf4 Qa5 20. Bd2 Qb6 21. b3 Qd4 22. Bc3 Qc5 23. Bb2 g5 24. Qe3 Qxe3 25. fxe3
$11 {1/2 (50) Khismatullin,D (2662)-Ionov,S (2541) Olginka 2011}) 19. Qg5 $146
{[%mdl 8] Bu is actively working on his chess and it innevitably entails also
energy devoted to study of the critical opening lines. The knight move 19.Nc3
seems to be more than natural, but Black comes close to equality. The novelty
in the game hopes to retain more chances for play.} (19. Nc3 Ne4 20. Nxe4 Qxe4
21. Qc3 $5 (21. Qf4 Bxe2 22. Qxe4 Rxe4 23. Bf4 c6 24. Rac1 Bf3 25. Rxe4 Bxe4
26. Rc3 f6 27. f3 Bd5 {1/2 (43) Zhou,J (2660)-Hou,Y (2602) Xinghua Jiangsu 2011
}) 21... Bxe2 22. Be3 Qf3 (22... Bf3 23. Bh6 $1 Qg4 24. Bxg7 $16) 23. Rac1 a6
24. Bd4 Qg4 $1 (24... Qxc3 25. Rxc3 Rac8 26. f3 f6 27. Kf2 Bb5 28. Be3 Kf7 29.
Rd1 $14) 25. Be5 $5 f6 (25... Rac8 26. h3 $1 {[%csl Ge2]} Qh5 27. Bxg7 Qxh3 28.
Bh8 Qg4 29. b4 Re6 30. Qd4 $14) 26. Bxc7 Kh8 27. Qc6 Rac8 28. b3 $14 {1/2 (47)
Kramnik,V (2790)-Leko,P (2734) Dortmund 2010}) 19... Qxg5 (19... Qd6 20. Nc3
Re5 21. Qf4 Bxe2 22. Nxe2 Rxe2 23. Rxe2 Qd1+ 24. Kg2 Qxe2 25. Qf3 Re8 26. Qxe2
Rxe2 27. Be3 a6 28. Rd1 h5 29. Rd8+ Kh7 30. Bd4 $14) 20. Bxg5 Bxe2 (20... Rxe2
21. Rxe2 Bxe2 22. Bxf6 gxf6 23. Nc3 Bf3 $11) 21. Bxf6 gxf6 22. Nc3 Bf3 23. Re3
$1 Rxe3 {The ending is clearly slightly better for White, as Black has to cope
with the presence of 5 (!) isolated pawns in his camp.} (23... Bb7 24. Rd1 Kf8
25. Kf1 $14) 24. fxe3 Kg7 25. Rf1 Bg4 26. Rf4 Be6 27. Kf2 c5 28. Ke2 Rd8 29.
Ra4 Rd7 $6 {The engine is quite confident in the belief, that the rook move is
an inaccuracy. Black should have looked for counterplay with the precise 29...
c4!} (29... c4 $1 30. Rxa7 Bg4+ 31. Ke1 Rb8 32. a4 Rxb2 33. Rc7 Be6 $11) 30. b3
Kf8 (30... c4 $5 31. bxc4 Bg4+ 32. Ke1 Rd3 33. Ra3 Rxe3+ 34. Kd2 Rf3 35. c5
Rf2+ 36. Ke3 Rxh2 37. Rxa7 Rc2 $11) 31. e4 c4 {The key idea of the counterplay
comes after a delay of two moves and that makes it insufficient.} (31... f5 32.
exf5 Bxf5 33. Ke3 Rd3+ 34. Kf4 Bg6 35. Ne4 Rd5 36. g4 $14) 32. bxc4 Rd4 33. Ke3
Rxc4 34. Rxc4 Bxc4 35. Kd4 {[%mdl 4096] The minor piece endgame will be very
difficult for the defender, since the white king is perfectly centralised and
the black pawns remain vulnerable.} Be6 (35... Ba6 36. a4 $1 Bf1 37. Kc5 Ke7
38. Nd5+ Ke6 39. Kd4 $16) 36. a4 $1 f5 (36... Ke8 37. a5 Kd7 38. Kc5 f5 39.
exf5 Bxf5 40. Nb5 Bd3 (40... a6 41. Nd4 Bd3 42. Kb6 $18) 41. Nxa7 $16) 37. exf5
Bxf5 38. a5 h5 (38... Ke8 39. Nb5 Kd7 40. Kc5 $16) 39. h4 $6 {The looming time
control very often influences the quality of decisions that players make over
the board. Much more painful for the defender was the immediate attack on the
undefendable a-pawn.} (39. Nb5 $1 a6 (39... Ke7 40. Nxa7 Kd6 41. Nb5+ Kc6 42.
Nc3 $18) 40. Nc7 Bc8 41. Kc5 Ke7 42. Kb6 Kd6 43. Nxa6 Bxa6 44. Kxa6 Kc6 45. h3
f5 46. h4 $18) 39... Ke7 40. Nb5 a6 41. Nc7 Bc8 42. Kc5 Kd7 43. Nd5 {Bu must
have been unpleasantly surprised by the discovery that the king attack against
the a6-pawn no longer promises a decisive advanatage.} (43. Kb6 Kd6 44. Nxa6
Bxa6 45. Kxa6 Kc6 46. Ka7 Kc7 47. Ka8 Kc8 48. g4 hxg4 49. h5 g3 50. h6 g2 51.
h7 g1=Q 52. h8=Q+ Kd7 53. Qh3+ Kc6 54. Qb3 Qg4 $11) 43... Ke6 44. Nf4+ Kf5 45.
Nxh5 Bb7 46. Nf4 $6 {The nervous reaction is quite understandable, as the win
has become much more complicated.} (46. Kb6 $1 Bf3 (46... Bc8 47. Nf4 Kg4 48.
Nd5 Kxg3 49. h5 Bf5 50. Kxa6 Kh4 51. h6 Kg5 52. Kb6 Kxh6 53. a6 $18) 47. Ng7+
Kg4 48. Kxa6 Kxg3 49. h5 Kg4 50. Kb6 Kg5 51. a6 Bd5 52. a7 Ba8 53. Kc7 f6 54.
Ne6+ Kxh5 55. Kb8 Bf3 56. Nc5 f5 57. Nb7 $18) 46... Kg4 47. Nd5 $2 {The better
idea 47.h5 might not have been winning any more, but the game move simply
leads to the queen ending that should be defendable for black.} (47. h5 Be4 48.
h6 Kg5 (48... Kxg3 49. Nh5+ Kh2 50. Nf6 $18) 49. Kb6 Kxh6 50. Kxa6 Kg5 51. Nh3+
Kf5 52. Nf2 Bf3 53. Kb6 Be2 $16) 47... Bxd5 $1 48. Kxd5 f5 49. Kc6 (49. Ke5
Kxg3 50. h5 f4 51. h6 f3 52. h7 f2 53. h8=Q f1=Q 54. Qg8+ Kh3 $11) 49... Kxg3
50. h5 f4 51. h6 f3 52. h7 f2 53. h8=Q f1=Q 54. Qe5+ Kh4 55. Kb6 Qd3 {
Jakovenko will not be able to hold the a6-pawn, but it does not mean he has to
lose the queen ending.} 56. Kb7 Kg4 57. Qe6+ Kh4 58. Qh6+ Kg3 59. Qc6 Kh4 60.
Qf6+ Kg3 61. Ka7 Qc4 62. Qg5+ Kh3 63. Qf5+ Kh4 64. Kb7 Qb4+ {Black becomes
tired of waiting for the moment when White will finally grab the a6-pawn and
thus forces it himself.} (64... Qe2 $11) 65. Kxa6 Qc4+ (65... Qb8 66. Qd7 Qe5
$11) 66. Kb7 Qb3+ 67. Ka8 Qg8+ (67... Qc4 68. Kb7 Qb4+ $11) 68. Ka7 Qg1+ 69.
Ka6 Qd4 {The black king has to stary away from the trouble at the edge of the
board. The position is theoretically drawn, even though White has every reason
to test the opponent's defensive skills.} 70. Kb5 Qb2+ 71. Kc6 Qc3+ 72. Qc5
Qf3+ 73. Kd7 Qg4+ 74. Kc7 Qg3+ 75. Kc6 Qf3+ 76. Kb5 Qb7+ 77. Kc4 Qa6+ 78. Kc3 (
78. Qb5 Qf6 79. a6 Qf1+ 80. Kc5 Qg1+ 81. Kd6 Qg3+ $11) 78... Kg3 79. Qe5+ Kg2
80. Qd5+ Kg1 81. Kb4 Qg6 82. Qd4+ Kg2 83. Qd2+ Kf1 84. Kc5 Qf5+ (84... Qa6 85.
Qb4 Qc8+ 86. Kd4 Qg4+ $11) 85. Qd5 Qf8+ (85... Qf2+ 86. Qd4 Qf5+ 87. Kb4 Qb1+
$11) 86. Kc4 Qf4+ 87. Kb3 Qe3+ 88. Kb4 Qe1+ 89. Kb5 Qe8+ 90. Kb6 Qb8+ 91. Kc5
Qf8+ 92. Kc4 Qf4+ 93. Kd3 Qg3+ 94. Kc2 Qf2+ (94... Qc7+ 95. Kd2 Qf4+ $11) 95.
Qd2 Qc5+ 96. Qc3 Qf2+ 97. Kb3 Kg1 98. Qc1+ Kh2 99. Qc2 Kh1 {Jakovenko reverts
to the idea of stalemate in the corner of the board. The drawing trick turns
the black queen into an untouchable defensive monster.} 100. Qc6+ Kg1 101. a6
Qe3+ 102. Kb4 Qd4+ 103. Qc4 Qd2+ 104. Qc3 Qf4+ 105. Kb3 Qf7+ 106. Qc4 Qa7 107.
Qg4+ (107. Qb5 Qe3+ $11) 107... Kh2 108. Qf4+ Kg1 109. Qg5+ Kh1 110. Qd5+ Kg1
111. Qe6 Qb8+ (111... Kf2 112. Kc4 Qc7+ 113. Kb5 Qg7 $11) 112. Ka4 Qf4+ 113.
Kb5 Qf1+ (113... Qg5+ 114. Kb6 Qf4 115. a7 Qd4+ 116. Kb7 Qg7+ $11) 114. Kb6
Qf2+ 115. Kb7 Qf3+ 116. Ka7 Qf2+ 117. Kb8 (117. Qb6 Kh1 $11) 117... Qb2+ 118.
Kc7 Qg7+ 119. Kd8 Qd4+ 120. Ke7 Qg7+ 121. Ke8 Qa7 122. Kf8 Qf2+ 123. Kg7 Qg3+
124. Kh7 Qc7+ 125. Kg6 Qg3+ 126. Kh5 Qh2+ 127. Kg5 Qg3+ 128. Qg4 Kh1 129. Kf5 {
White plays on, but he must have stopped believeing, that progress was
possible.} (129. a7 $2 Qe3+ $11) 129... Qf2+ 130. Qf4 Qc5+ 131. Qe5 Qf8+ 132.
Qf6 Qc5+ 133. Kg4 Qg1+ 134. Kh5 Qd1+ 135. Kh4 Qe1+ 136. Kg5 Qd2+ 137. Kg6 Qd3+
138. Kf7 Qd7+ 139. Kg8 Qc8+ 140. Kh7 Qd7+ 141. Kh6 Qd2+ 142. Qg5 Qd6+ 143. Qg6
Qd2+ 144. Kh5 Qh2+ 145. Kg5 Qd2+ 146. Kg4 Qg2+ 147. Kf5 Qc2+ 148. Kf6 Qc3+ 149.
Ke7 Qc7+ 1/2-1/2

[Event "Lvov zt"]
[Site "Lvov"]
[Date "1990.??.??"]
[Round "?"]
[White "Tukmakov, Vladimir B"]
[Black "Dokhoian, Yury"]
[Result "1/2-1/2"]
[WhiteElo "2570"]
[BlackElo "2540"]
[Annotator "Ftacnik,L"]
[PlyCount "55"]
[EventDate "1990.02.??"]
[EventType "swiss"]
[EventRounds "9"]
[EventCountry "URS"]
[SourceTitle "CBM 018"]
[Source "ChessBase"]
[SourceDate "1990.10.01"]
[SourceVersion "1"]
[SourceVersionDate "1990.10.01"]
[SourceQuality "1"]

1. d4 e6 2. c4 Nf6 3. g3 d5 4. Nf3 Be7 5. Bg2 O-O 6. O-O dxc4 7. Nc3 c5 8. dxc5
Nc6 9. Qa4 Qa5 10. Qxc4 Qxc5 11. Qxc5 Bxc5 12. Bf4 Bd7 13. Ne5 {N} (13. Rac1
Rad8 14. Nb5 Be7 15. Bc7 Rc8 16. Bd6 Rfd8 17. Rfd1 $14 {Wojtkiewicz,A-Arlandi,
E/Haifa ETC/1989/ ->TD89_12}) 13... Nxe5 14. Bxe5 Ng4 (14... Bc6 15. Bxc6 bxc6
16. Rac1 $16) 15. Bf4 e5 16. Rad1 (16. Bg5 h6 17. Bd2 Rab8) 16... Rad8 (16...
exf4 $2 17. Rxd7 fxg3 18. hxg3 $16) 17. Bg5 f6 18. Bc1 b6 19. Bd5+ Kh8 20. h3
Nh6 21. g4 (21. Bxh6 gxh6 22. Kh2 Bd4 $10) 21... Ng8 22. Ne4 (22. Rd3 Ne7 23.
Rfd1 Bc6 $10) 22... Be7 23. Ng3 Bb5 $1 24. Be3 Bd6 25. Bf3 Ne7 26. Ne4 Bb8 27.
Nc3 Bc6 28. Bxc6 {Ftacnik,L} 1/2-1/2